Normal view
MARC view
Entry Personal Name
001 - CONTROL NUMBER
- control field: 18868
003 - CONTROL NUMBER IDENTIFIER
- control field: ARRUPE
005 - DATE AND TIME OF LATEST TRANSACTION
- control field: 20150826124014.0
008 - FIXED-LENGTH DATA ELEMENTS
- fixed length control field: 150826|| aca||aabn | a|a d
040 ## - CATALOGING SOURCE
- Original cataloging agency: ARRUPE
- Transcribing agency: ARRUPE
100 ## - HEADING--PERSONAL NAME
- Personal name: Hoskins, Hubert (tr.)
670 ## - SOURCE DATA FOUND
- Source citation: Work cat.: (ARRUPE)33764: Peursen, Cornelius Anthine van 18867, Leibniz